000 00785nam a2200241Ia 4500
999 _c35979
_d35979
001 1878
003 GE_BSU
005 20221007153755.0
008 181216s2007ru xx |||||||||||||| ||rus||
020 _a9785482015599
040 _cGE_BSU
041 _arus
080 _a343.98(075.8) К-82
100 _aБогуш,Г.И.[и др]
_915154
245 _aКриминология /
_cГ.И. Богуш; [и др] Под. ред.Н.Ф.Кузнецовой.
264 _aМосква :
_bПроспект,
_c2007.
300 _a327 с.:
_b21см.
653 _aКриминология
653 _aკრიმინოლოგია
653 _aსამართალი
700 _aКузнецовой, Н.Ф.
_eრედაქტორი
_915155
942 _cBK
_2udc